00555 2200181 4500001002100000005001500021035002000036245009000056100002200146250002000168300005500188856003600243260003600279082001000315084001600325020001800341650001400359INLIS00000000114662420260205012046 a0010-02260002441 aPANDUAN PRAKTIKUM KEPERAWATAN MATERNITIS /cPenulis ; Anik Puji Rahayum S.Kp., M.Kep,0 aAnik Puji Rahayum aCetakan pertama avi, 182 Halaman :bIlustrasi ;c14 x 20 cmeKertas aPerpustakaan Umum Kota Makassar aYogyakarta :bDeepublish,c2019 a618.2 a618.2 ANI p a9786024014452 4aKebidanan